000 00411nam a2200133Ia 4500
008 100328s9999 xx 000 0 und d
082 _b60259
100 _aजारे रमेश
245 _aस्वच्छतेचे ानी.
260 _bगं्रथाली.
630 _aस्वच्छतेचे ानी.
730 _aस्वच्छतेचे ानी.
942 _cBOOK
999 _c546421
_d546418